000 00536cam a2200205 4500
001 D5646
008 090401t1985 xxu||||| |||| 00| 0 eng d
035 _a(Sirsi) u62267
041 _aeng
050 _a658.202
100 _aHolmes, Roy
245 _aMaintenance coding and monitoring: two case studies
260 _aAscot, Berks
_bChartered Institute of Building
_c1985
300 _a8p. 30cm
350 _a0
490 _aTechnical Information Service
_v53
700 _aMellor, Penelope
942 _n0
948 _c04/03/1997
999 _c94388
_d94388